[Event "World Rapid 2019"]
[Site "Moscow RUS"]
[Date "2019.12.27"]
[Round "8.9"]
[White "Smirin, Ilia"]
[Black "Le, Quang Liem"]
[Result "0-1"]
[WhiteTitle "GM"]
[BlackTitle "GM"]
[WhiteElo "2607"]
[BlackElo "2713"]
[WhiteFideId "2801990"]
[BlackFideId "12401137"]
[EventDate "2019.12.26"]

1. e4 c6 2. d4 d5 3. exd5 cxd5 4. Nf3 Nc6 5. Bb5 e6 6. O-O Bd6 7. c3 Ne7 8. Re1
O-O 9. Nbd2 a6 10. Bd3 f6 11. c4 Bc7 12. a3 dxc4 13. Nxc4 b5 14. Ne3 Bb6 15. Nc2
Ra7 16. a4 b4 17. Bc4 Nd5 18. Ne3 Rc7 19. Ba2 Nce7 20. Bd2 a5 21. Rc1 Bd7 22.
Bb3 Rxc1 23. Bxc1 Qc7 24. Nxd5 Nxd5 25. Qd3 Rc8 26. Bd2 Qc6 27. h3 Be8 28. Qe2
Bf7 29. Rc1 Qa8 30. Re1 Qa7 31. Qd3 Rd8 32. Qe2 Bxd4 33. Nxd4 Qxd4 34. Bc1 Qb6
35. Rd1 h6 36. Qe4 Rc8 37. Qg4 h5 38. Qe4 Qc6 39. Bd2 Nb6 40. Qxc6 Rxc6 41. Be3
Nd5 42. Bxd5 exd5 43. Rc1 Rc4 44. f3 Be8 45. b3 Rxc1+ 46. Bxc1 d4 47. Bf4 d3 48.
Kf2 Bxa4 49. Bc7 Bxb3 50. Ke3 a4 51. Bd6 a3 52. Bxb4 a2 53. Bc3 Bc4 54. h4 Kf7
55. g4 g5 56. hxg5 h4 0-1

[Event "World Rapid 2019"]
[Site "Moscow RUS"]
[Date "2019.12.27"]
[Round "8.10"]
[White "Suleymanli, Aydin"]
[Black "Zubov, Alexander"]
[Result "0-1"]
[WhiteTitle "IM"]
[BlackTitle "GM"]
[WhiteElo "2473"]
[BlackElo "2601"]
[WhiteFideId "13413937"]
[BlackFideId "14109409"]
[EventDate "2019.12.26"]

1. d4 Nf6 2. c4 e6 3. Nc3 Bb4 4. e3 d5 5. a3 Be7 6. Nge2 O-O 7. Ng3 Re8 8. c5 a5
9. Rb1 c6 10. f4 b6 11. b4 Ba6 12. Bd3 Nbd7 13. Bxa6 Rxa6 14. Qd3 Qa8 15. O-O
Rb8 16. Bd2 g6 17. Rfc1 axb4 18. axb4 Ra3 19. Qc2 Bd8 20. Rd1 Ra7 21. Rdc1 Bc7
22. Nge2 Ne8 23. e4 dxe4 24. Qxe4 Ndf6 25. Qf3 b5 26. g4 Ng7 27. Be1 Ra3 28. Qg2
Nd5 29. Nxd5 exd5 30. f5 Re8 31. Bg3 Qd8 32. Bxc7 Qxc7 33. Rf1 Qe7 34. Ng3 Qg5
35. Rf3 Ra7 36. Rbf1 Qxg4 37. Rf4 Qg5 38. h4 Qh6 39. fxg6 hxg6 40. h5 Nxh5 41.
Nf5 Qxf4 42. Rxf4 Nxf4 43. Nh6+ Kf8 44. Qf1 Re4 45. Kf2 Ra3 0-1

[Event "World Rapid 2019"]
[Site "Moscow RUS"]
[Date "2019.12.27"]
[Round "8.11"]
[White "Petrov, Nikita"]
[Black "Rakhmanov, Aleksandr"]
[Result "1/2-1/2"]
[WhiteTitle "GM"]
[BlackTitle "GM"]
[WhiteElo "2585"]
[BlackElo "2645"]
[WhiteFideId "4101286"]
[BlackFideId "4173708"]
[EventDate "2019.12.26"]

1. c4 e5 2. g3 h5 3. Nf3 Nc6 4. Nc3 d6 5. d4 exd4 6. Nxd4 h4 7. Bg2 Nxd4 8. Qxd4
c6 9. Bf4 Nf6 10. O-O-O Be6 11. Bg5 h3 12. Bf3 Be7 13. Kb1 Qa5 14. Bd2 Qe5 15.
Bf4 Qxd4 16. Rxd4 O-O-O 17. b3 Nd7 18. Bxd6 Bf6 19. Rd3 Ne5 20. Bxe5 Bxe5 21.
Rxd8+ Kxd8 22. Kc2 Ke7 23. Rd1 1/2-1/2

[Event "World Rapid 2019"]
[Site "Moscow RUS"]
[Date "2019.12.27"]
[Round "8.13"]
[White "Aronian, Levon"]
[Black "Sarana, Alexey"]
[Result "1-0"]
[WhiteTitle "GM"]
[BlackTitle "GM"]
[WhiteElo "2775"]
[BlackElo "2663"]
[WhiteFideId "13300474"]
[BlackFideId "24133795"]
[EventDate "2019.12.26"]

1. e4 c5 2. Nf3 d6 3. d4 cxd4 4. Nxd4 Nf6 5. Nc3 a6 6. f3 e5 7. Nb3 Be6 8. Be3
Nbd7 9. g4 b5 10. a4 b4 11. Nd5 Bxd5 12. exd5 Nb6 13. Bg1 h6 14. f4 Be7 15. a5
Nbd7 16. fxe5 Nxe5 17. Qe2 Nfxg4 18. O-O-O O-O 19. Kb1 Re8 20. h3 Nf6 21. Be3
Nh7 22. Qg2 Bg5 23. Bb6 Qf6 24. Nd4 Be3 25. Nc6 Nd7 26. Bxe3 Rxe3 27. Qd2 Rg3
28. Qxb4 Nc5 29. Qd4 Qf3 30. Bc4 Re8 31. Rhf1 Qe4 32. b4 Na4 33. Qxe4 Rxe4 34.
Rd3 Nc3+ 35. Rxc3 Rxc3 36. Bxa6 Nf6 37. Bd3 Re8 38. Rxf6 gxf6 39. a6 Rxd3 40.
cxd3 f5 41. b5 f4 42. Nd4 Ra8 43. Kc2 Kg7 44. Kb3 Kf6 45. Nf3 Ke7 46. Kb4 Kd7
47. Ka5 Rc8 48. a7 Rc2 49. Kb6 1-0

[Event "World Rapid 2019"]
[Site "Moscow RUS"]
[Date "2019.12.27"]
[Round "8.14"]
[White "Fedoseev, Vladimir3"]
[Black "Bocharov, Dmitry"]
[Result "1-0"]
[WhiteTitle "GM"]
[BlackTitle "GM"]
[WhiteElo "2677"]
[BlackElo "2524"]
[WhiteFideId "24130737"]
[BlackFideId "4138716"]
[EventDate "2019.12.26"]

1. e4 c5 2. Nf3 d6 3. d4 cxd4 4. Nxd4 Nf6 5. Nc3 a6 6. Bd3 g6 7. f3 Nc6 8. Nxc6
bxc6 9. b3 Bg7 10. Bb2 O-O 11. O-O Nd7 12. Kh1 Nc5 13. Qe1 a5 14. Bc4 Be6 15.
Bxe6 fxe6 16. Ba3 Na6 17. Rd1 Nb4 18. Qd2 c5 19. Na4 Rb8 20. c3 Nc6 21. Qe2 Kh8
22. Nxc5 Qc8 23. Na4 g5 24. Bc1 Bf6 25. Be3 Rg8 26. c4 Rg6 27. c5 Be5 28. cxd6
exd6 29. Qd2 Qa6 30. Nb2 Rd8 31. Bxg5 Rxg5 32. Qxg5 Bxb2 33. Rf2 Bg7 34. Rfd2 e5
35. h3 h6 36. Qh4 Kh7 37. Rxd6 Rg8 38. Rc1 Qe2 39. Rcxc6 1-0

[Event "World Rapid 2019"]
[Site "Moscow RUS"]
[Date "2019.12.27"]
[Round "8.15"]
[White "Artemiev, Vladislav"]
[Black "Melkumyan, Hrant"]
[Result "1-0"]
[WhiteTitle "GM"]
[BlackTitle "GM"]
[WhiteElo "2731"]
[BlackElo "2668"]
[WhiteFideId "24101605"]
[BlackFideId "13302485"]
[EventDate "2019.12.26"]

1. Nf3 d5 2. g3 Bg4 3. Bg2 e6 4. O-O c6 5. d3 Nd7 6. Nbd2 Bd6 7. e4 Ne7 8. h3
Bh5 9. d4 O-O 10. Re1 h6 11. c3 Bg6 12. e5 Bc7 13. Nh4 Bh7 14. Qg4 Nf5 15. Ndf3
c5 16. Bd2 cxd4 17. cxd4 Ba5 18. Nxf5 Bxf5 19. Qf4 Bxd2 20. Qxd2 Rc8 21. Rac1
Qb6 22. Re3 a5 23. Rb3 Qa7 24. Rbc3 Rxc3 25. Rxc3 Nb8 26. Rc5 Nc6 27. Qc3 Be4
28. Nd2 Bxg2 29. Kxg2 a4 30. Nb1 Qa6 31. Qd2 Qb6 32. Na3 Ra8 33. Qc3 Ra5 34.
Rxa5 Nxa5 35. Qc8+ Kh7 36. Qc2+ Kg8 37. Qxa4 Nc6 38. Nb5 g6 39. Nd6 Qa6 40. Qd1
Ne7 41. Qc1 Qb6 42. Qc5 Qxc5 1-0

[Event "World Rapid 2019"]
[Site "Moscow RUS"]
[Date "2019.12.27"]
[Round "8.16"]
[White "Karjakin, Sergey"]
[Black "Popov, Ivan RUS"]
[Result "1-0"]
[WhiteTitle "GM"]
[BlackTitle "GM"]
[WhiteElo "2754"]
[BlackElo "2636"]
[WhiteFideId "14109603"]
[BlackFideId "4170350"]
[EventDate "2019.12.26"]

1. e4 c5 2. Nf3 d6 3. d4 cxd4 4. Nxd4 Nf6 5. Nc3 Bd7 6. Bg5 e6 7. Qd2 h6 8. Bxf6
Qxf6 9. Ndb5 Bxb5 10. Bxb5+ Nc6 11. O-O-O a6 12. Ba4 Qd8 13. f4 Be7 14. Kb1 b5
15. Bb3 Na5 16. g4 O-O 17. h4 b4 18. Na4 Nxb3 19. axb3 Qa5 20. Qe2 Qb5 21. Qf3
g6 22. g5 h5 23. Rhf1 Rac8 24. f5 Rc6 25. Rf2 Qe5 26. c4 bxc3 27. Nxc3 Rb6 28.
Rd3 Rxb3 29. Nd5 exd5 30. Rxb3 dxe4 31. Qe2 gxf5 32. Qxh5 Qe6 33. Rg3 e3 34. g6
Qe4+ 35. Rc2 Qh1+ 36. Ka2 Qd5+ 37. b3 Qa5+ 38. Kb1 Kg7 39. gxf7+ Kf6 40. Qh6+ 1-0

[Event "World Rapid 2019"]
[Site "Moscow RUS"]
[Date "2019.12.27"]
[Round "8.17"]
[White "Vitiugov, Nikita"]
[Black "Andreikin, Dmitry"]
[Result "1/2-1/2"]
[WhiteTitle "GM"]
[BlackTitle "GM"]
[WhiteElo "2747"]
[BlackElo "2724"]
[WhiteFideId "4152956"]
[BlackFideId "4158814"]
[EventDate "2019.12.26"]

1. d4 Nf6 2. c4 e6 3. Nf3 d5 4. Nc3 Be7 5. Bg5 h6 6. Bh4 O-O 7. e3 Nbd7 8. Be2
dxc4 9. Bxc4 a6 10. a4 c5 11. O-O cxd4 1/2-1/2

[Event "World Rapid 2019"]
[Site "Moscow RUS"]
[Date "2019.12.27"]
[Round "8.18"]
[White "Giri, Anish"]
[Black "Alekseev, Evgeny"]
[Result "1-0"]
[WhiteTitle "GM"]
[BlackTitle "GM"]
[WhiteElo "2769"]
[BlackElo "2620"]
[WhiteFideId "24116068"]
[BlackFideId "4138147"]
[EventDate "2019.12.26"]

1. Nf3 c5 2. e4 e6 3. c3 d5 4. exd5 Qxd5 5. d4 Nf6 6. Na3 Nc6 7. Be3 cxd4 8. Nb5
Qd8 9. Nbxd4 Nd5 10. Bg5 f6 11. Nxc6 bxc6 12. Bd2 e5 13. Qc2 g6 14. Bd3 Bg7 15.
O-O-O O-O 16. c4 Ne7 17. h4 f5 18. Bc3 Qc7 19. h5 h6 20. hxg6 Nxg6 21. Nh4 Qf7
22. Nxg6 Qxg6 23. Kb1 e4 24. Be2 f4 25. c5 Bf5 26. Rd6 Qxg2 27. Qc1 e3+ 28. Ka1
exf2 29. Bc4+ Kh7 30. Bxg7 Qxg7 31. Rdxh6+ Qxh6 32. Rxh6+ Kxh6 33. Qxf4+ Kg7 34.
Qxf2 Rad8 35. Qg3+ Kf6 36. a4 Rh8 37. Qf3 Ke5 38. Qxc6 Rd1+ 39. Ka2 Rh3 40. Qc7+
Kf6 41. Qf7+ Ke5 42. Qg7+ Kf4 43. Qc7+ Kg5 44. b3 Rc1 45. Qg7+ Bg6 46. Qe5+ Bf5
47. Qe7+ Kf4 48. Qd6+ Ke3 49. Qe5+ 1-0

[Event "World Rapid 2019"]
[Site "Moscow RUS"]
[Date "2019.12.27"]
[Round "8.22"]
[White "Najer, Evgeniy"]
[Black "Meier, Georg"]
[Result "1/2-1/2"]
[WhiteTitle "GM"]
[BlackTitle "GM"]
[WhiteElo "2661"]
[BlackElo "2626"]
[WhiteFideId "4118987"]
[BlackFideId "4675789"]
[EventDate "2019.12.26"]

1. e4 e6 2. d4 d5 3. Nc3 dxe4 4. Nxe4 Nd7 5. Nf3 Ngf6 6. Bd3 c5 7. O-O Nxe4 8.
Bxe4 Nf6 9. Bg5 cxd4 10. Nxd4 Be7 11. Bf3 O-O 12. Qd3 Bc5 13. Rad1 e5 14. Nb3
Qxd3 15. cxd3 Bb6 16. Rfe1 h6 17. Be3 Be6 18. Bxb7 Rab8 19. Bxb6 Rxb7 20. Ba5
Bxb3 21. axb3 Rxb3 22. Bc3 Nd7 23. d4 f6 24. dxe5 Nxe5 25. f4 Nc6 26. Rd7 Rbb8
27. Re6 Rbc8 28. Rdd6 Nd8 29. Re7 Nc6 30. Rb7 Rfd8 31. Rxd8+ Rxd8 32. Kf2 Rd5
33. Rc7 Rd6 34. g4 a6 35. g5 hxg5 36. fxg5 Ne5 37. h4 Re6 38. Kg3 fxg5 39. hxg5
Nf7 40. Kf4 Rg6 41. Rc5 Kh7 42. Rf5 Kg8 43. b4 Rc6 44. Rc5 Rg6 45. Bd2 Rd6 46.
Bc3 Rg6 47. Bd4 Kh7 48. Rf5 Rd6 49. Bc5 Rd7 50. Be3 Kg6 51. Ra5 Rd6 52. b5 axb5
53. Rxb5 1/2-1/2

[Event "World Rapid 2019"]
[Site "Moscow RUS"]
[Date "2019.12.27"]
[Round "8.23"]
[White "Zvjaginsev, Vadim"]
[Black "Jobava, Baadur"]
[Result "1/2-1/2"]
[WhiteTitle "GM"]
[BlackTitle "GM"]
[WhiteElo "2627"]
[BlackElo "2604"]
[WhiteFideId "4113403"]
[BlackFideId "13601520"]
[EventDate "2019.12.26"]

1. e4 e5 2. Nf3 Nf6 3. d3 d6 4. g3 Be7 5. Bg2 O-O 6. O-O Re8 7. Re1 Nbd7 8. c3
Nf8 9. d4 Ng6 10. dxe5 dxe5 11. Qxd8 Rxd8 12. Nbd2 Be6 13. Ng5 Bd7 14. Nc4 Bb5
15. Ne3 Bc5 16. a4 Bd3 17. f3 Nf4 18. b4 Nxg2 19. Kxg2 Bf8 20. Nh3 a5 21. b5 c6
22. bxc6 bxc6 23. Nf2 Ba6 24. Ba3 Bxa3 25. Rxa3 Nd7 26. Rb3 Kf8 27. Rd1 Be2 28.
Rd2 Nc5 29. Rxd8+ Rxd8 30. Rb2 Ba6 31. Rb6 Rc8 32. c4 Bb7 33. Nd3 Nxd3 34. Rxb7
g6 35. Ng4 Kg7 36. Rd7 h5 1/2-1/2

[Event "World Rapid 2019"]
[Site "Moscow RUS"]
[Date "2019.12.27"]
[Round "8.24"]
[White "Riazantsev, Alexander"]
[Black "Gelfand, Boris"]
[Result "1/2-1/2"]
[WhiteTitle "GM"]
[BlackTitle "GM"]
[WhiteElo "2639"]
[BlackElo "2684"]
[WhiteFideId "4125029"]
[BlackFideId "2805677"]
[EventDate "2019.12.26"]

1. d4 Nf6 2. c4 e6 3. Nf3 d5 4. Bg5 h6 5. Bxf6 Qxf6 6. e3 g6 7. Nbd2 Bg7 8. Be2
O-O 9. b4 Qe7 10. Rb1 Nd7 11. cxd5 exd5 12. O-O c6 13. Qc2 a5 14. a3 axb4 15.
axb4 Nf6 16. Bd3 Be6 17. b5 Rfc8 18. bxc6 bxc6 19. Rfc1 Nd7 20. Nb3 Bf8 21. Qd1
Qf6 22. h3 c5 23. dxc5 Nxc5 24. Nxc5 Rxc5 25. Nd4 Bd7 26. Be2 Rxc1 27. Rxc1 Bd6
28. Nf3 Be6 29. Qd4 Qxd4 30. Nxd4 Be5 31. Rd1 Bxd4 32. Rxd4 Ra1+ 33. Rd1 1/2-1/2

[Event "World Rapid 2019"]
[Site "Moscow RUS"]
[Date "2019.12.27"]
[Round "8.25"]
[White "Bartel, Mateusz"]
[Black "Alekseenko, Kirill"]
[Result "1/2-1/2"]
[WhiteTitle "GM"]
[BlackTitle "GM"]
[WhiteElo "2634"]
[BlackElo "2704"]
[WhiteFideId "1112635"]
[BlackFideId "4135539"]
[EventDate "2019.12.26"]

1. e4 e5 2. Nf3 Nc6 3. Bb5 a6 4. Ba4 d6 5. Bxc6+ bxc6 6. d4 Nf6 7. O-O Be7 8.
Nc3 Nd7 9. Qe2 a5 10. Rd1 Ba6 11. Qe1 f6 12. Ne2 O-O 13. Ng3 g6 14. a4 c5 15.
dxc5 Nxc5 16. Be3 Qb8 17. b3 Bc8 18. Bxc5 dxc5 19. Nf1 Qb4 20. N3d2 Rd8 21. Ne3
Bb7 22. Nec4 Qc3 23. Rac1 Bf8 24. Qe2 Bh6 25. Nb1 Qb4 26. Rxd8+ Rxd8 27. Rd1
Rxd1+ 28. Qxd1 Bxe4 29. Qd8+ Bf8 30. Nbd2 Qc3 31. Qxf6 Bxc2 32. Qe6+ Kg7 33.
Qd7+ Kg8 34. Qe6+ Kg7 35. h4 Qa1+ 36. Kh2 Qd4 37. Nxe5 Qxh4+ 38. Kg1 Qe7 39. Qd5
Qe8 40. Kf1 Bf5 41. Nec4 c6 42. Qe5+ Qxe5 43. Nxe5 Bd6 44. Nxc6 Bd3+ 45. Ke1 Bc7
46. f3 Kf6 47. Kf2 Bf4 48. Nc4 Bxc4 49. bxc4 Bc7 50. Na7 h5 51. Nb5 Be5 52. Ke3
Kf5 53. Na7 Bf4+ 54. Kd3 Bc7 55. Nc6 Kf4 56. Ne7 Bd6 57. Nc8 Bf8 58. Ke2 Kg3 59.
Kf1 h4 60. Na7 h3 61. gxh3 Kxf3 62. Nc6 Ke3 63. Nxa5 Kd3 64. Kf2 1/2-1/2

[Event "World Rapid 2019"]
[Site "Moscow RUS"]
[Date "2019.12.27"]
[Round "8.26"]
[White "Utegaliyev, Azamat"]
[Black "Ponkratov, Pavel"]
[Result "0-1"]
[BlackTitle "GM"]
[WhiteElo "2502"]
[BlackElo "2632"]
[WhiteFideId "13702467"]
[BlackFideId "4157800"]
[EventDate "2019.12.26"]

1. e4 e5 2. Nf3 Nc6 3. Nc3 Nf6 4. g3 Bc5 5. Bg2 d6 6. d3 h6 7. Na4 a5 8. Nxc5
dxc5 9. h3 Be6 10. b3 Qd6 11. a4 O-O-O 12. Be3 g5 13. Nd2 Nd7 14. Nb1 f6 15. Nc3
Kb8 16. Nb5 Qe7 17. Bf3 Nf8 18. Bg4 b6 19. Nc3 Qf7 20. Bh5 Qd7 21. Bg4 Nb4 22.
Rc1 h5 23. Bxe6 Nxe6 24. h4 Qf7 25. Qf3 g4 26. Qe2 Nd4 27. Bxd4 exd4 28. Nb1 f5
29. O-O fxe4 30. dxe4 d3 31. cxd3 Rxd3 32. Nd2 Re8 33. Nc4 Qf3 34. Qxf3 Rxf3 35.
Ne3 Rxe4 36. Rfd1 Rd4 37. Rxd4 cxd4 38. Ng2 Nd5 39. Re1 Rxb3 40. Re5 c6 41. Ne1
d3 42. Nxd3 Rxd3 43. Rxh5 Kc7 44. Rg5 Nf6 45. h5 Rd5 46. Rg7+ Rd7 47. Rg5 Rh7 0-1

[Event "World Rapid 2019"]
[Site "Moscow RUS"]
[Date "2019.12.27"]
[Round "8.27"]
[White "Mamedov, Rauf"]
[Black "Nihal, Sarin"]
[Result "1/2-1/2"]
[WhiteTitle "GM"]
[BlackTitle "GM"]
[WhiteElo "2659"]
[BlackElo "2612"]
[WhiteFideId "13401653"]
[BlackFideId "25092340"]
[EventDate "2019.12.26"]

1. e4 c6 2. Nc3 d5 3. Nf3 dxe4 4. Nxe4 Nf6 5. Qe2 Nxe4 6. Qxe4 Qd5 7. Qh4 Qe6+
8. Be2 Qg4 9. Qg3 Qxg3 10. hxg3 g6 11. d4 h5 12. Bg5 Bg7 13. O-O-O Bg4 14. Rhe1
e6 15. Ne5 Bxe2 16. Rxe2 O-O 17. g4 hxg4 18. Nxg4 Nd7 19. Nh6+ Bxh6 20. Bxh6
Rfe8 21. Rh1 f6 22. Bd2 Kg7 23. Re3 Nb6 24. b3 Nd5 25. Re4 Rad8 26. c4 Nb6 27.
Ba5 g5 28. f4 g4 29. g3 Kg6 30. c5 Rd5 31. f5+ Kxf5 32. Rf4+ Kg5 33. Rh4 f5 34.
Bd2 Nd7 35. Rfxg4+ Kf6 36. Rh6+ Ke7 37. Rg7+ Kd8 38. Bf4 e5 39. dxe5 Rxc5+ 40.
Kb1 Rd5 41. e6 Nc5 42. Rhh7 a5 43. Kc2 Nxe6 44. Rxb7 Nd4+ 45. Kc3 Nb5+ 46. Kc2
Re2+ 47. Kc1 Rd1+ 48. Kxd1 Nc3+ 1/2-1/2

[Event "World Rapid 2019"]
[Site "Moscow RUS"]
[Date "2019.12.27"]
[Round "8.28"]
[White "Chigaev, Maksim"]
[Black "Aravindh, Chithambaram VR."]
[Result "1/2-1/2"]
[WhiteTitle "GM"]
[BlackTitle "GM"]
[WhiteElo "2631"]
[BlackElo "2605"]
[WhiteFideId "4108116"]
[BlackFideId "5072786"]
[EventDate "2019.12.26"]

1. e4 e5 2. Nf3 Nc6 3. Bb5 a6 4. Ba4 Nf6 5. Nc3 b5 6. Bb3 Bc5 7. Nd5 Bb7 8. d3
h6 9. c3 d6 10. O-O O-O 11. Nxf6+ Qxf6 12. Bd5 Rab8 13. b4 Bb6 14. a4 Ne7 15.
Bxb7 Rxb7 16. c4 c5 17. bxc5 Bxc5 18. cxb5 axb5 19. axb5 1/2-1/2

[Event "World Rapid 2019"]
[Site "Moscow RUS"]
[Date "2019.12.27"]
[Round "8.30"]
[White "Jakovenko, Dmitry"]
[Black "Postny, Evgeny"]
[Result "1/2-1/2"]
[WhiteTitle "GM"]
[BlackTitle "GM"]
[WhiteElo "2698"]
[BlackElo "2605"]
[WhiteFideId "4122356"]
[BlackFideId "2804344"]
[EventDate "2019.12.26"]

1. e4 e5 2. Nf3 Nc6 3. Bb5 a6 4. Ba4 Nf6 5. O-O Be7 6. Re1 b5 7. Bb3 d6 8. c3
O-O 9. h3 Nb8 10. d4 Nbd7 11. Nbd2 Bb7 12. Bc2 c5 13. d5 c4 14. Nf1 Qc7 15. Ng3
g6 16. Be3 Rfb8 17. Nd2 Bf8 18. Qe2 Nc5 19. b4 cxb3 20. axb3 a5 21. Rec1 b4 22.
cxb4 axb4 23. Rxa8 Rxa8 24. Bd3 Nfd7 25. Bb5 Qa5 26. Ngf1 Ba6 27. Bxa6 Qxa6 28.
Qxa6 Rxa6 29. Rc4 Nd3 30. Rc8 Kg7 31. Nc4 Ra1 32. Rd8 Nf6 33. Nd2 Nh5 34. g3 f5
35. exf5 gxf5 36. Bh6+ Kxh6 37. Rxf8 Kg6 38. Rd8 1/2-1/2

[Event "World Rapid 2019"]
[Site "Moscow RUS"]
[Date "2019.12.27"]
[Round "8.31"]
[White "Yu, Yangyi"]
[Black "Kovalev, Vladislav"]
[Result "1/2-1/2"]
[WhiteTitle "GM"]
[BlackTitle "GM"]
[WhiteElo "2738"]
[BlackElo "2662"]
[WhiteFideId "8603820"]
[BlackFideId "13504398"]
[EventDate "2019.12.26"]

1. e4 e5 2. Nf3 Nc6 3. Bc4 Bc5 4. d3 Nf6 5. Bg5 h6 6. Bh4 d6 7. a4 a6 8. Nbd2
Be6 9. c3 O-O 10. O-O a5 11. Qb3 Bd7 12. Rad1 g5 13. Bg3 Nh5 14. Bb5 Qf6 15. d4
exd4 16. cxd4 Nxg3 17. hxg3 Bxd4 18. Nc4 Bc5 19. e5 Qe7 20. exd6 cxd6 21. Nxd6
Be6 22. Nc4 Rad8 23. Qc3 Bb4 24. Qe3 Qf6 25. Nce5 Nxe5 26. Nxe5 Rxd1 27. Rxd1
Rd8 28. Rxd8+ Qxd8 29. Nd3 Be7 30. Nc5 Qd1+ 31. Kh2 Qh5+ 32. Kg1 1/2-1/2

[Event "World Rapid 2019"]
[Site "Moscow RUS"]
[Date "2019.12.27"]
[Round "8.32"]
[White "Matlakov, Maxim"]
[Black "Pashikian, Arman"]
[Result "1/2-1/2"]
[WhiteTitle "GM"]
[BlackTitle "GM"]
[WhiteElo "2699"]
[BlackElo "2605"]
[WhiteFideId "4168003"]
[BlackFideId "13301578"]
[EventDate "2019.12.26"]

1. c4 e5 2. Nc3 Nf6 3. Nf3 Nc6 4. d3 d5 5. cxd5 Nxd5 6. e4 Nxc3 7. bxc3 Bc5 8.
Be2 O-O 9. O-O Bg4 10. h3 Bh5 11. Rb1 Bb6 12. g4 Bg6 13. Kg2 Qd7 14. Nh4 Nd8 15.
f4 exf4 16. Bxf4 Ne6 17. Bg3 Rad8 18. Qc2 Qc6 19. Qc1 Nc5 20. Nxg6 hxg6 21. Rf3
f5 22. exf5 gxf5 23. d4 fxg4 24. hxg4 Ne4 25. Be5 Qe6 26. Qe3 Rxf3 27. Bxf3
Qxa2+ 28. Qe2 Qxe2+ 29. Bxe2 Nxc3 30. Bc4+ Nd5 31. g5 c6 32. g6 Re8 33. Kf3 Re6
34. Bd3 Ne7 35. Bc4 Nd5 36. Bd3 Ne7 37. Bc4 Nd5 1/2-1/2

[Event "World Rapid 2019"]
[Site "Moscow RUS"]
[Date "2019.12.27"]
[Round "8.33"]
[White "Wojtaszek, Radoslaw"]
[Black "Ganguly, Surya Shekhar"]
[Result "1/2-1/2"]
[WhiteTitle "GM"]
[BlackTitle "GM"]
[WhiteElo "2725"]
[BlackElo "2633"]
[WhiteFideId "1118358"]
[BlackFideId "5002150"]
[EventDate "2019.12.26"]

1. d4 Nf6 2. c4 e6 3. Nf3 d5 4. g3 Be7 5. Bg2 O-O 6. O-O dxc4 7. Qc2 a6 8. a4
Bd7 9. Qxc4 Bc6 10. Bf4 Bd6 11. Bg5 Nbd7 12. Nbd2 h6 13. Bxf6 Nxf6 14. Qc2 Bb4
15. Rfd1 a5 16. e3 Qe7 17. Ne5 Bxg2 18. Kxg2 Rac8 19. Rac1 Rfd8 20. Ne4 Nxe4 21.
Qxe4 c6 22. h4 Rd5 23. Nd3 Rcd8 24. Rc4 Bd6 25. f4 c5 26. Qf3 f5 27. Nf2 cxd4
28. Rcxd4 Rxd4 29. Rxd4 Bc5 30. Rd3 b6 31. Qc6 Rd6 32. Rxd6 Qxd6 33. Qxd6 Bxd6
34. Nd3 h5 1/2-1/2

[Event "World Rapid 2019"]
[Site "Moscow RUS"]
[Date "2019.12.27"]
[Round "8.34"]
[White "Dreev, Aleksey"]
[Black "Petrosian, Tigran L."]
[Result "1-0"]
[WhiteTitle "GM"]
[BlackTitle "GM"]
[WhiteElo "2677"]
[BlackElo "2601"]
[WhiteFideId "4100107"]
[BlackFideId "13301616"]
[EventDate "2019.12.26"]

1. d4 d6 2. Nf3 Bg4 3. Nbd2 e6 4. c3 Nd7 5. Qb3 Qc8 6. h3 Bh5 7. g4 Bg6 8. Nh4
c6 9. Bg2 Be7 10. Nxg6 hxg6 11. c4 Ngf6 12. g5 Nh5 13. h4 Qc7 14. e3 a5 15. Qc2
a4 16. Ne4 d5 17. cxd5 exd5 18. Nc3 Qa5 19. Bd2 Qa6 20. Bf1 Qa7 21. a3 Nb6 22.
Na2 Qb8 23. Be2 Qc8 24. O-O-O Qf5 25. Rdf1 Qe6 26. Nc3 O-O 27. Kb1 Bd6 28. Rhg1
Nc4 29. Bxc4 dxc4 30. Nxa4 b5 31. Nc5 Bxc5 32. dxc5 Rfd8 33. Rd1 Rd3 34. Bc3
Rad8 35. Rxd3 cxd3 36. Qd2 Qe4 37. Bd4 Qxh4 38. Rd1 Kh7 39. Qxd3 Qxg5 40. Qe4
Rd5 41. Rh1 Qf5 42. Qxf5 Rxf5 43. f4 Kh6 44. Kc2 g5 45. fxg5+ Rxg5 46. Kc3 Kg6
47. Kb4 Ng3 48. Rh8 Nf5 49. Ka5 Nxd4 50. exd4 Rd5 51. Kb6 Rxd4 52. Kxc6 b4 53.
a4 Rd2 54. b3 Rd3 55. a5 Rxb3 56. a6 Ra3 57. Kb7 b3 58. Rh4 Ra5 59. Kb6 1-0

[Event "World Rapid 2019"]
[Site "Moscow RUS"]
[Date "2019.12.27"]
[Round "8.35"]
[White "Tomashevsky, Evgeny"]
[Black "Kobalia, Mikhail"]
[Result "1-0"]
[WhiteTitle "GM"]
[BlackTitle "GM"]
[WhiteElo "2705"]
[BlackElo "2609"]
[WhiteFideId "4147235"]
[BlackFideId "4119150"]
[EventDate "2019.12.26"]

1. c4 c6 2. Nf3 d5 3. e3 Nf6 4. Nc3 a6 5. Be2 Bg4 6. Qb3 Ra7 7. h3 Bh5 8. cxd5
Nxd5 9. d4 e6 10. e4 Nxc3 11. bxc3 c5 12. Be3 Nc6 13. O-O Na5 14. Qa4+ b5 15.
Bxb5+ axb5 16. Qxb5+ Rd7 17. Ne5 Nb7 18. Nxd7 Qxd7 19. Rfb1 Nd8 20. a4 Be7 21.
a5 Qxb5 22. Rxb5 Be2 23. Rb6 Kd7 24. a6 Nc6 25. d5 exd5 26. exd5 1-0

[Event "World Rapid 2019"]
[Site "Moscow RUS"]
[Date "2019.12.27"]
[Round "8.36"]
[White "Anton Guijarro, David"]
[Black "Tari, Aryan"]
[Result "1-0"]
[WhiteTitle "GM"]
[BlackTitle "GM"]
[WhiteElo "2685"]
[BlackElo "2634"]
[WhiteFideId "2285525"]
[BlackFideId "1510045"]
[EventDate "2019.12.26"]

1. Nf3 Nf6 2. c4 c5 3. Nc3 Nc6 4. e3 g6 5. d4 cxd4 6. exd4 d5 7. h3 Bg7 8. c5
O-O 9. Bb5 Ne4 10. O-O Nxc3 11. bxc3 Qc7 12. Re1 Bf5 13. Bg5 Rfe8 14. Qd2 Be4
15. Bf4 Qa5 16. Bxc6 bxc6 17. Ne5 Qa6 18. f3 Bf5 19. g4 Bc8 20. Rab1 f6 21. Nd3
Qa5 22. Bg3 Qd8 23. Qf4 a5 24. Qc7 Ba6 25. Qxd8 Raxd8 26. Red1 Bb5 27. f4 f5 28.
gxf5 gxf5 29. Ne5 Bxe5 30. fxe5 Kf7 31. e6+ Kxe6 32. Re1+ Kf7 33. Kf2 e6 34. a4
Bxa4 35. Rb7+ Kg6 36. Bf4 e5 37. dxe5 h6 38. Rg1+ Kh5 39. Rh7 Re6 40. Rg5+ Kh4
41. Rxf5 Bc2 42. Bg3+ Kxh3 43. Rf4 Rf8 44. Rxf8 Bxh7 45. Rf4 1-0